[Event "Mercredi 2019.01.09 ABCD"]
[Site "Montreal CAN"]
[Date "2019.01.23"]
[Round "3"]
[White "Abdelaal, Ibrahim"]
[Black "Boucher, Antoni"]
[Result "1/2-1/2"]
[WhiteElo "2022"]
[BlackElo "1937"]
[PlyCount "105"]
[EventDate "2019.01.09"]
[EventType "tourn"]
[EventRounds "5"]
[EventCountry "CAN"]

1. e4 c6 2. d4 d5 3. e5 Bf5 4. Ne2 e6 5. Ng3 Bg6 6. h4 h6 7. h5 Bh7 8. Bd3 Bxd3
9. cxd3 Bb4+ 10. Nc3 Ne7 11. Qg4 Rg8 12. O-O Na6 13. f4 Qd7 14. f5 exf5 15.
Nxf5 Nxf5 16. Qxf5 Qxf5 17. Rxf5 Be7 18. Be3 Rf8 19. a3 f6 20. Raf1 Kd7 21. Ne2
fxe5 22. Rf7 Rxf7 23. Rxf7 Rg8 24. dxe5 Ke6 25. Rf3 Kxe5 26. Bxa7 Kd6 27. b4
Rf8 28. Rg3 Bg5 29. Nd4 Rf7 30. Nf3 Bf6 31. Be3 Bb2 32. Rg6+ Kc7 33. Nd4 Kd7
34. b5 cxb5 35. Nxb5 Nc7 36. Nd6 Re7 37. Bc5 b5 38. Nf5 Rf7 39. Rd6+ Kc8 40. g4
Kb7 41. Rb6+ Ka8 42. Kg2 Rf6 43. Bd6 Ka7 44. Rc6 Ne8 45. Bc5+ Kb7 46. Rxf6 Bxf6
47. Kf3 Kc6 48. Bd4 Bxd4 49. Nxd4+ Kc5 50. Nc2 Nf6 51. Kf4 Nd7 52. Kf5 Nf6 53.
Kf4 1/2-1/2

[Event "Mercredi 2019.01.09 ABCD"]
[Site "Montreal CAN"]
[Date "2019.01.23"]
[Round "3"]
[White "Beaulieu, Pierre"]
[Black "Baran, Marius"]
[Result "1/2-1/2"]
[WhiteElo "1877"]
[BlackElo "1766"]
[PlyCount "78"]
[EventDate "2019.01.09"]
[EventType "tourn"]
[EventRounds "5"]
[EventCountry "CAN"]

1. b3 e5 2. Bb2 Nc6 3. e3 d5 4. Bb5 Bd6 5. c4 Nge7 6. cxd5 Nxd5 7. a3 Bd7 8.
Nf3 Qe7 9. d4 e4 10. Bxc6 Bxc6 11. Ne5 Bxe5 12. dxe5 O-O-O 13. Qc2 f5 14. exf6
gxf6 15. Nd2 Rhe8 16. O-O-O Kb8 17. Nc4 Nb6 18. Rxd8+ Rxd8 19. Rd1 Rxd1+ 20.
Qxd1 Nxc4 21. bxc4 b6 22. Qd4 f5 23. Qe5 Qxe5 24. Bxe5 Ba4 25. Kd2 Kb7 26. f3
exf3 27. gxf3 Bb3 28. Kd3 c5 29. h4 h5 30. Bf4 Kc6 31. Be5 a6 32. Kc3 Bd1 33.
f4 Be2 34. Bf6 b5 35. cxb5+ axb5 36. Be7 Kd5 37. Bf8 Bf1 38. Be7 Be2 39. Bf8
Bf1 1/2-1/2

[Event "Mercredi 2019.01.09 ABCD"]
[Site "Montreal CAN"]
[Date "2019.01.23"]
[Round "3"]
[White "Feoktistov, Dmitri"]
[Black "Zheng, Richard"]
[Result "1-0"]
[WhiteElo "2150"]
[BlackElo "2073"]
[PlyCount "167"]
[EventDate "2019.01.09"]
[EventType "tourn"]
[EventRounds "5"]
[EventCountry "CAN"]

1. d4 d5 2. c4 c6 3. Nf3 Nf6 4. Nc3 e6 5. Bg5 dxc4 6. e4 b5 7. e5 h6 8. Bh4 g5
9. Nxg5 hxg5 10. Bxg5 Nbd7 11. g3 Qb6 12. exf6 Bb7 13. Bg2 c5 14. d5 O-O-O 15.
O-O b4 16. Rb1 Qa6 17. dxe6 Bxg2 18. e7 Bxe7 19. fxe7 Rdg8 20. Kxg2 Rxg5 21.
Ne4 Qc6 22. f3 Rd5 23. Qe2 Re5 24. Qxc4 f5 25. Nf2 Rxe7 26. Rbe1 Rhe8 27. Nd3
Kb7 28. h4 Re2+ 29. Rxe2 Rxe2+ 30. Rf2 Re8 31. Rc2 Re3 32. Rf2 Kb6 33. Nf4 Kb7
34. Qf7 Ka6 35. Qxf5 Ne5 36. Qb1 Kb7 37. Qd1 a5 38. Qd5 c4 39. Qxa5 Nxf3 40.
Qxb4+ Kc8 41. Qf8+ Kb7 42. Qf7+ Kb8 43. Nd5 Ne1+ 44. Kf1 Nd3 45. Rf6 Re1+ 46.
Kg2 Re2+ 47. Kh3 Qc8+ 48. g4 Rxb2 49. Nb6 Nf2+ 50. Rxf2 Rxb6 51. Qf8 Rc6 52.
Qxc8+ Kxc8 53. Rc2 Kd7 54. h5 Ke6 55. Kh4 c3 56. Kg5 Kf7 57. a4 Rc5+ 58. Kh4
Kg7 59. a5 Rc7 60. a6 Kh7 61. a7 Rxa7 62. Rxc3 Ra4 63. Re3 Kh6 64. Re6+ Kg7 65.
Kg5 Ra5+ 66. Kf4 Ra1 67. Kf5 Rf1+ 68. Kg5 Rf7 69. h6+ Kh7 70. Kh5 Ra7 71. g5
Ra5 72. Re7+ Kh8 73. Kg6 Ra6+ 74. Kf5 Ra5+ 75. Re5 Ra6 76. g6 Ra8 77. Kf6 Rg8
78. Re7 Ra8 79. Re6 Rf8+ 80. Ke7 Rg8 81. Kd7 Ra8 82. Re8+ Rxe8 83. Kxe8 Kg8 84.
g7 1-0

[Event "Mercredi 2019.01.09 ABCD"]
[Site "Montreal CAN"]
[Date "2019.01.23"]
[Round "3"]
[White "Gates, Claude-Eric"]
[Black "Barko, Maxim"]
[Result "1-0"]
[WhiteElo "1819"]
[BlackElo "1880"]
[PlyCount "63"]
[EventDate "2019.01.09"]
[EventType "tourn"]
[EventRounds "5"]
[EventCountry "CAN"]

1. d4 e6 2. c4 b6 3. Nc3 Bb7 4. e4 Bb4 5. f3 f5 6. exf5 Nh6 7. a3 Bxc3+ 8. bxc3
Nxf5 9. Qc2 O-O 10. Nh3 c5 11. Bg5 Qc7 12. Bd3 cxd4 13. Bxf5 Rxf5 14. cxd4 Ba6
15. Rc1 Nc6 16. Qe4 Raf8 17. O-O Na5 18. Be7 Re8 19. g4 Bb7 20. Qd3 Rxf3 21.
Rxf3 Bxf3 22. Ng5 g6 23. Qxf3 Rxe7 24. Qa8+ Kg7 25. Rf1 Kh6 26. Qf8+ Kxg5 27.
Qxe7+ Kxg4 28. h3+ Kxh3 29. Qxh7+ Kg4 30. Qxg6+ Kh4 31. Kg2 Qc6+ 32. d5 1-0

[Event "Mercredi 2019.01.09 ABCD"]
[Site "Montreal CAN"]
[Date "2019.01.23"]
[Round "3"]
[White "Guipi Bopala, Prince Eric jr"]
[Black "O'Connor, Michael"]
[Result "1/2-1/2"]
[WhiteElo "1806"]
[BlackElo "1768"]
[PlyCount "44"]
[EventDate "2019.01.09"]
[EventType "tourn"]
[EventRounds "5"]
[EventCountry "CAN"]

1. d4 d5 2. Bf4 Nf6 3. e3 c5 4. c3 Nc6 5. Bd3 cxd4 6. exd4 Qb6 7. Qb3 Qxb3 8.
axb3 g6 9. Nd2 Nh5 10. Be3 Bg7 11. Ne2 O-O 12. Nf4 Nxf4 13. Bxf4 f6 14. O-O e5
15. dxe5 fxe5 16. Bg3 Bf5 17. Bxf5 gxf5 18. h3 Bf6 19. Rad1 Rad8 20. Nf3 f4 21.
Bh2 Na5 22. Nd2 a6 1/2-1/2

[Event "Mercredi 2019.01.09 ABCD"]
[Site "Montreal CAN"]
[Date "2019.01.23"]
[Round "3"]
[White "Jean, Robert"]
[Black "Gauthier, Luc"]
[Result "1/2-1/2"]
[WhiteElo "1735"]
[BlackElo "1670"]
[PlyCount "72"]
[EventDate "2019.01.09"]
[EventType "tourn"]
[EventRounds "5"]
[EventCountry "CAN"]

1. d4 d5 2. c4 Nc6 3. Nc3 dxc4 4. d5 Ne5 5. f4 Nd7 6. e4 Nb6 7. a4 a5 8. Be3 e6
9. Bxb6 cxb6 10. Bxc4 Bc5 11. dxe6 Bxe6 12. Bxe6 Qxd1+ 13. Rxd1 fxe6 14. Nf3
Nf6 15. h3 Nh5 16. Ne2 Bb4+ 17. Kf1 Ke7 18. g4 Nxf4 19. Nxf4 Rhf8 20. Ng6+ hxg6
21. Ke2 Bc5 22. Rhf1 Rf4 23. Ng5 Raf8 24. Rxf4 Rxf4 25. Rf1 Rxf1 26. Kxf1 Be3
27. Nf3 g5 28. Ke2 Bc1 29. b3 Kd6 30. Kd3 Kc5 31. Kc3 Bf4 32. Kc2 e5 33. Kc3 b5
34. Ne1 b4+ 35. Kd3 b5 36. Nf3 Kc6 1/2-1/2

[Event "Mercredi 2019.01.09 ABCD"]
[Site "Montreal CAN"]
[Date "2019.01.23"]
[Round "3"]
[White "Nardone, Raul"]
[Black "Alcantara, Maximo jr"]
[Result "1-0"]
[WhiteElo "1729"]
[BlackElo "1766"]
[PlyCount "131"]
[EventDate "2019.01.09"]
[EventType "tourn"]
[EventRounds "5"]
[EventCountry "CAN"]

1. e4 c6 2. d4 d5 3. Nc3 g6 4. Nf3 Bg7 5. Be2 Nf6 6. e5 Nfd7 7. h4 e6 8. h5 c5
9. hxg6 hxg6 10. Rxh8+ Bxh8 11. Nb5 cxd4 12. Nd6+ Kf8 13. Bg5 Qc7 14. Bh6+ Ke7
15. Nb5 Qb6 16. Qd2 Nxe5 17. Bg5+ Kf8 18. Nxe5 Bxe5 19. O-O-O Bd7 20. Bh6+ Kg8
21. Qg5 Nc6 22. f4 Bh8 23. Bd3 Qd8 24. Qg3 Qf6 25. Bg5 Qg7 26. a3 Qf8 27. Rh1
Qg7 28. Rh4 f6 29. Bh6 Qe7 30. Bxg6 Bg7 31. Bxg7 Qxg7 32. Rh7 Qxh7 33. Bxh7+
Kxh7 34. Qd3+ f5 35. Qh3+ Kg7 36. Qg3+ Kf7 37. Qg5 e5 38. Qh5+ Kg7 39. Qg5+ Kf7
40. Nd6+ Ke6 41. Nxf5 exf4 42. Ng7+ Kd6 43. Qxf4+ Kc5 44. b4+ Kb6 45. Qd6 Rd8
46. Qxd5 Kc7 47. b5 Na5 48. Qe5+ Kc8 49. Qc5+ Kb8 50. Qxd4 Kc7 51. Qc5+ Kb8 52.
Qe5+ Kc8 53. Qc3+ Nc6 54. bxc6 Bxc6 55. Ne6 Rd6 56. Nd4 Kd7 57. Nxc6 Rxc6 58.
Qxc6+ Kxc6 59. Kd2 Kd5 60. Ke3 Ke5 61. g4 b5 62. c3 a6 63. g5 Kf5 64. Kd4 Kxg5
65. Kc5 Kf5 66. Kb6 1-0

[Event "Mercredi 2019.01.09 ABCD"]
[Site "Montreal CAN"]
[Date "2019.01.25"]
[Round "3"]
[White "Nesterov, Timour"]
[Black "Nunez, Omar"]
[Result "0-1"]
[WhiteElo "1944"]
[BlackElo "1941"]
[PlyCount "80"]
[EventDate "2019.01.09"]
[EventType "tourn"]
[EventRounds "5"]
[EventCountry "CAN"]

1. d4 c5 2. d5 e5 3. e4 d6 4. Nc3 Be7 5. f4 exf4 6. Bxf4 Bf6 7. Nf3 Ne7 8. Bb5+
Bd7 9. O-O O-O 10. Bd3 Bg4 11. Qe1 Ng6 12. Bg3 c4 13. Bxc4 Qb6+ 14. Qf2 Qxb2
15. e5 Nxe5 16. Nxe5 Qxc3 17. Qf4 Bxe5 18. Qxg4 Bd4+ 19. Kh1 Qxc4 20. Bf2 Nd7
21. Bxd4 Ne5 22. Qe4 f5 23. Qe3 Rae8 24. Bxe5 Rxe5 25. Qxa7 Qxd5 26. Rad1 Qc6
27. Qd4 Re2 28. Rf2 Rxc2 29. Rxc2 Qxc2 30. Qd5+ Kh8 31. Qxd6 Re8 32. Qd7 Qe4
33. Rf1 h6 34. h3 Rf8 35. Rc1 f4 36. Rc7 Qe1+ 37. Kh2 Qg3+ 38. Kg1 f3 39. Rc2
Qe1+ 40. Kh2 f2 0-1

[Event "Mercredi 2019.01.09 ABCD"]
[Site "Montreal CAN"]
[Date "2019.01.23"]
[Round "3"]
[White "O'Neill, Brendon"]
[Black "Ostaci, Liviu"]
[Result "1-0"]
[WhiteElo "1716"]
[BlackElo "1713"]
[PlyCount "51"]
[EventDate "2019.01.09"]
[EventType "tourn"]
[EventRounds "5"]
[EventCountry "CAN"]

1. e4 e6 2. d4 d5 3. Nd2 Nf6 4. e5 Nfd7 5. Bd3 c5 6. c3 Nc6 7. Ne2 cxd4 8. cxd4
f6 9. Nf4 Nxd4 10. Qh5+ Ke7 11. Ng6+ hxg6 12. exf6+ Kxf6 13. Qxh8 Qb6 14. O-O
Bd6 15. Qe8 Ne5 16. Bb1 Qc6 17. Qd8+ Be7 18. Ne4+ dxe4 19. Qxd4 Bc5 20. Qd8+
Kf7 21. Be3 b6 22. Bxc5 bxc5 23. Qh4 Bb7 24. Qf4+ Kg8 25. Qxe5 e3 26. f3 1-0

[Event "Mercredi 2019.01.09 ABCD"]
[Site "Montreal CAN"]
[Date "2019.01.23"]
[Round "3"]
[White "Pomerantz, Daniel"]
[Black "Have, Didier"]
[Result "1-0"]
[WhiteElo "2121"]
[BlackElo "2100"]
[PlyCount "65"]
[EventDate "2019.01.09"]
[EventType "tourn"]
[EventRounds "5"]
[EventCountry "CAN"]

1. e4 d6 2. d4 Nf6 3. Nc3 Nbd7 4. Nf3 e5 5. Bc4 Be7 6. O-O h6 7. Re1 c6 8. a4
Qc7 9. Ba2 Nf8 10. Nh4 g6 11. a5 N6h7 12. Nf3 g5 13. Be3 Ng6 14. Qd3 Bg4 15.
Nd2 Nf4 16. Qc4 Bh5 17. Nf1 Qd7 18. Ng3 Bg6 19. Nf5 d5 20. Qb3 Bxf5 21. exf5
O-O 22. dxe5 Qxf5 23. Qxb7 Rfe8 24. Qxc6 Qg4 25. Bxf4 gxf4 26. Nxd5 Bh4 27. e6
f5 28. e7 Kg7 29. Nc7 Ng5 30. Nxe8+ Rxe8 31. Qxe8 Bxf2+ 32. Kh1 Be3 33. Qf8+
1-0

[Event "Mercredi 2019.01.09 ABCD"]
[Site "Montreal CAN"]
[Date "2019.01.23"]
[Round "3"]
[White "Tremblay, Alain"]
[Black "Beaulieu, Eric"]
[Result "0-1"]
[WhiteElo "2057"]
[BlackElo "2224"]
[PlyCount "58"]
[EventDate "2019.01.09"]
[EventType "tourn"]
[EventRounds "5"]
[EventCountry "CAN"]

1. Nf3 c5 2. c4 Nc6 3. Nc3 e5 4. e4 g6 5. d3 Bg7 6. g3 Nge7 7. Bg2 O-O 8. O-O
d6 9. Ne1 Rb8 10. a3 a6 11. Nc2 b5 12. cxb5 axb5 13. b4 Be6 14. Rb1 Nd4 15. Ne3
Qd7 16. f4 Rfc8 17. Ncd5 Bxd5 18. exd5 exf4 19. Rxf4 cxb4 20. axb4 Qa7 21. Kh1
Qa2 22. Bb2 Ne2 23. Rf2 Nc3 24. Bxc3 Qxf2 25. Ng4 Qa7 26. Bxg7 Kxg7 27. Qd2 Ng8
28. Qb2+ f6 29. Rf1 Qd7 0-1

[Event "Mercredi 2019.01.09 ABCD"]
[Site "Montreal CAN"]
[Date "2019.01.30"]
[Round "4"]
[White "Abdelaal, Ibrahim"]
[Black "Jacquet, Stephane"]
[Result "1-0"]
[WhiteElo "2022"]
[BlackElo "1956"]
[PlyCount "47"]
[EventDate "2019.01.09"]
[EventType "tourn"]
[EventRounds "5"]
[EventCountry "CAN"]

1. e4 d6 2. d4 Nf6 3. Nc3 g6 4. Be3 c6 5. Qd2 Nbd7 6. Bh6 Bxh6 7. Qxh6 b5 8.
Bd3 a6 9. Nf3 Qc7 10. O-O Bb7 11. Ng5 c5 12. d5 Ne5 13. Be2 Bc8 14. h3 Bd7 15.
f4 Nc4 16. Bxc4 bxc4 17. Rae1 Rf8 18. e5 Ng8 19. Qg7 O-O-O 20. Nxf7 Rde8 21. e6
Bb5 22. a4 Nf6 23. axb5 axb5 24. Nxb5 1-0

[Event "Mercredi 2019.01.09 ABCD"]
[Site "Montreal CAN"]
[Date "2019.01.30"]
[Round "4"]
[White "Alcantara, Maximo jr"]
[Black "O'Neill, Brendon"]
[Result "1-0"]
[WhiteElo "1766"]
[BlackElo "1716"]
[PlyCount "79"]
[EventDate "2019.01.09"]
[EventType "tourn"]
[EventRounds "5"]
[EventCountry "CAN"]

1. Nf3 c5 2. c3 Nf6 3. d4 e6 4. g3 Be7 5. Bg2 O-O 6. O-O d5 7. Re1 Nc6 8. Nbd2
cxd4 9. cxd4 b5 10. Nb3 a5 11. Bg5 h6 12. Bxf6 Bxf6 13. Rc1 Qb6 14. Nc5 Rd8 15.
e3 Ba6 16. Nxa6 Qxa6 17. Bf1 Qb6 18. Rc5 Na7 19. Qb3 Be7 20. Rc2 Rac8 21. Rec1
Rxc2 22. Rxc2 Rb8 23. Ne5 Qb7 24. a3 Bd6 25. Nd3 a4 26. Qc3 Rc8 27. Qd2 Nc6 28.
Nc5 Bxc5 29. Rxc5 Rb8 30. Rxb5 Qa7 31. Rxb8+ Qxb8 32. Qc2 Na5 33. Qxa4 Nc4 34.
Bxc4 dxc4 35. Qb4 Qc7 36. a4 f6 37. a5 Kf7 38. a6 Kg6 39. Qb7 Qa5 40. a7 1-0

[Event "Mercredi 2019.01.09 ABCD"]
[Site "Montreal CAN"]
[Date "2019.01.30"]
[Round "4"]
[White "Baran, Marius"]
[Black "O'Connor, Michael"]
[Result "1-0"]
[WhiteElo "1766"]
[BlackElo "1768"]
[PlyCount "105"]
[EventDate "2019.01.09"]
[EventType "tourn"]
[EventRounds "5"]
[EventCountry "CAN"]

1. e4 c5 2. Nf3 Nc6 3. d4 cxd4 4. Nxd4 Nf6 5. Nc3 e5 6. Ndb5 d6 7. Nd5 Nxd5 8.
exd5 Nb8 9. c4 Be7 10. Bd3 O-O 11. O-O f5 12. f3 Nd7 13. Be3 a6 14. Nc3 Nf6 15.
Qc2 f4 16. Bf2 Bd7 17. Qe2 Qc7 18. a4 b6 19. Rfe1 a5 20. Rac1 g6 21. b3 Rac8
22. Kh1 Be8 23. Be4 Nd7 24. Nb5 Qb7 25. Qb2 Nc5 26. Bc2 Na6 27. Nc3 Bd7 28. Be4
Rf7 29. Rg1 Qb8 30. Qb1 Nc5 31. Bc2 Na6 32. Rce1 Nb4 33. Be4 Na6 34. g4 Nc5 35.
Bc2 Na6 36. Rg2 Nb4 37. Be4 Na6 38. Reg1 Nc5 39. Bc2 Na6 40. h4 Nb4 41. Be4 Qc7
42. g5 Bf5 43. h5 Qd7 44. hxg6 hxg6 45. Rh2 Qd8 46. Bxf5 Rxf5 47. Ne4 Kg7 48.
Rg4 Bxg5 49. Qg1 Nd3 50. Bh4 Bxh4 51. Rgxh4 Rf8 52. Rh7+ Kg8 53. Qxg6# 1-0

[Event "Mercredi 2019.01.09 ABCD"]
[Site "Montreal CAN"]
[Date "2019.01.30"]
[Round "4"]
[White "Barko, Maxim"]
[Black "Guipi Bopala, Prince Eric jr"]
[Result "0-1"]
[WhiteElo "1880"]
[BlackElo "1806"]
[PlyCount "128"]
[EventDate "2019.01.09"]
[EventType "tourn"]
[EventRounds "5"]
[EventCountry "CAN"]

1. d4 d5 2. c4 e6 3. Nc3 Nf6 4. cxd5 exd5 5. Qc2 c6 6. Bg5 Be7 7. e3 h6 8. Bh4
O-O 9. Bd3 Nbd7 10. Nge2 Re8 11. O-O Ne4 12. Bxe7 Qxe7 13. Rae1 Ndf6 14. f3
Nxc3 15. Nxc3 c5 16. dxc5 Qxc5 17. Nb5 Qxc2 18. Bxc2 Re7 19. Kf2 a6 20. Nd4 Bd7
21. Rc1 Rc8 22. Bd3 Ree8 23. Rfe1 Rxc1 24. Rxc1 Rc8 25. Rd1 Kf8 26. g4 g6 27.
h4 h5 28. gxh5 Nxh5 29. Rg1 Nf6 30. a3 Ke7 31. Ke2 Rh8 32. Rh1 g5 33. Bf5 Rxh4
34. Rxh4 gxh4 35. Kf2 Kd6 36. b3 Kc5 37. Kg2 a5 38. Bd3 b5 39. Nc2 Nh5 40. b4+
Kb6 41. Nd4 Ng3 42. Bh7 axb4 43. axb4 f6 44. Bg8 Nf5 45. Nxf5 Bxf5 46. Bxd5 Kc7
47. e4 Bd7 48. f4 Kd6 49. Bb7 Kc7 50. Bd5 Kd6 51. Ba8 Bc8 52. Kf3 Bd7 53. Ke3
Be8 54. Bb7 Bd7 55. Kf3 Kc7 56. Bd5 Kd6 57. Bf7 Bc6 58. Bg6 Bd7 59. Bh7 Bc8 60.
Bg8 Bd7 61. Bb3 Bc6 62. Bc2 f5 63. Ke3 Bxe4 64. Bb3 h3 0-1

[Event "Mercredi 2019.01.09 ABCD"]
[Site "Montreal CAN"]
[Date "2019.01.30"]
[Round "4"]
[White "Beaulieu, Pierre"]
[Black "Gates, Claude-Eric"]
[Result "1-0"]
[WhiteElo "1877"]
[BlackElo "1819"]
[PlyCount "63"]
[EventDate "2019.01.09"]
[EventType "tourn"]
[EventRounds "5"]
[EventCountry "CAN"]

1. b3 e5 2. Bb2 Nc6 3. e3 Nf6 4. Be2 d5 5. a3 Bd6 6. Nc3 O-O 7. g4 Be6 8. Nb5
d4 9. exd4 exd4 10. Nxd4 Bd5 11. Nxc6 Bxc6 12. Bf3 Nxg4 13. Bxc6 Nxf2 14. Kxf2
Qh4+ 15. Kf1 bxc6 16. Qf3 Rfe8 17. Nh3 Be5 18. Bxe5 Rxe5 19. Nf2 Rae8 20. h3 g6
21. Qxc6 R8e6 22. Qa8+ Kg7 23. Qxa7 Qf4 24. c3 Qxd2 25. Qd4 Qe2+ 26. Kg2 Rf6
27. Rhf1 h5 28. Rae1 Qf3+ 29. Kh2 Rg5 30. Ng4 Rxg4 31. Qxf6+ Qxf6 32. Rxf6 1-0

[Event "Mercredi 2019.01.09 ABCD"]
[Site "Montreal CAN"]
[Date "2019.01.30"]
[Round "4"]
[White "Boucher, Antoni"]
[Black "Nunez, Omar"]
[Result "0-1"]
[WhiteElo "1937"]
[BlackElo "1941"]
[PlyCount "134"]
[EventDate "2019.01.09"]
[EventType "tourn"]
[EventRounds "5"]
[EventCountry "CAN"]

1. d4 d6 2. Nf3 f5 3. c4 Nf6 4. Nc3 g6 5. g3 Bg7 6. Bg2 O-O 7. O-O Qe8 8. Bf4
Nh5 9. Bg5 h6 10. Bd2 e5 11. e3 c6 12. Ne2 Na6 13. Bc3 Be6 14. b3 e4 15. Nd2 g5
16. Rc1 d5 17. f4 exf3 18. Rxf3 Qg6 19. cxd5 cxd5 20. b4 Rae8 21. b5 Nb8 22.
Ba1 Rf7 23. Qa4 b6 24. Nb1 Kh7 25. Na3 f4 26. Qb3 Bg4 27. Qxd5 Rd7 28. Qa8 Qd3
29. Nc3 Bxf3 30. Qxf3 fxg3 31. Re1 gxh2+ 32. Kxh2 Nf6 33. Bh3 g4 34. Bxg4 Nxg4+
35. Qxg4 Rxe3 36. Rg1 Qxd4 37. Qf5+ Kh8 38. Ne4 Re2+ 39. Kh3 Re3+ 40. Ng3 Rxg3+
41. Rxg3 Qxa1 42. Qe4 Qf6 43. Qe8+ Qf8 44. Qe4 Rf7 45. Nc4 Rf4 46. Qe6 Qf5+ 47.
Qxf5 Rxf5 48. Re3 Rh5+ 49. Kg4 Rg5+ 50. Kf4 Nd7 51. Re7 Rxb5 52. Rxd7 Rb4 53.
Rxa7 Rxc4+ 54. Kf3 b5 55. Ke3 b4 56. Kd3 Rc3+ 57. Kd2 Ra3 58. Rb7 Rxa2+ 59. Ke1
Bc3+ 60. Kd1 Rg2 61. Kc1 Rg7 62. Rb6 Kh7 63. Kd1 h5 64. Ke2 Rf7 65. Rb5 Kg6 66.
Ke3 h4 67. Rb6+ Kg5 0-1

[Event "Mercredi 2019.01.09 ABCD"]
[Site "Montreal CAN"]
[Date "2019.01.30"]
[Round "4"]
[White "Gauthier, Luc"]
[Black "Ostaci, Liviu"]
[Result "1-0"]
[WhiteElo "1670"]
[BlackElo "1713"]
[PlyCount "37"]
[EventDate "2019.01.09"]
[EventType "tourn"]
[EventRounds "5"]
[EventCountry "CAN"]

1. e4 d6 2. Nc3 g6 3. f4 Bg7 4. Nf3 Bg4 5. h3 Bxf3 6. Qxf3 c5 7. Bb5+ Nd7 8. d3
a6 9. Bxd7+ Qxd7 10. O-O Bxc3 11. bxc3 O-O-O 12. c4 h5 13. Bb2 Rh7 14. a4 h4
15. Rfb1 e6 16. Bc3 f5 17. Rb6 Re8 18. exf5 gxf5 19. Rxa6 1-0

[Event "Mercredi 2019.01.09 ABCD"]
[Site "Montreal CAN"]
[Date "2019.01.30"]
[Round "4"]
[White "Have, Didier"]
[Black "Beaulieu, Eric"]
[Result "0-1"]
[WhiteElo "2100"]
[BlackElo "2224"]
[PlyCount "118"]
[EventDate "2019.01.09"]
[EventType "tourn"]
[EventRounds "5"]
[EventCountry "CAN"]

1. d4 Nf6 2. Bf4 d5 3. e3 c5 4. c3 Nc6 5. Bd3 Qb6 6. Qb3 c4 7. Qxb6 axb6 8. Bc2
b5 9. Nd2 b4 10. Ngf3 e6 11. O-O Be7 12. h3 O-O 13. Ne5 Nxe5 14. Bxe5 Bd7 15.
f3 bxc3 16. bxc3 Ra3 17. Nb1 Ra6 18. Rf2 Rfa8 19. Bxf6 Bxf6 20. e4 Bh4 21. Re2
Rxa2 22. Rxa2 Rxa2 23. exd5 g6 24. dxe6 Bxe6 25. Kf1 Ra1 26. Re5 Ra2 27. Re2
Rb2 28. Be4 Rb3 29. Bc2 Rb5 30. Nd2 Ra5 31. g4 Ra1+ 32. Kg2 b5 33. Be4 Bd7 34.
f4 Rc1 35. Nf3 Bd8 36. Re3 Kf8 37. Ne5 Be8 38. d5 Bb6 39. Rg3 f6 40. Nc6 Bc5
41. Nd8 Ke7 42. Ne6 Bb6 43. f5 Ba5 44. fxg6 hxg6 45. Nf4 Bxc3 46. Ne2 Bd2 47.
Nxc1 Bxc1 48. Kf2 b4 49. Rg1 Bf4 50. Ke2 Kd6 51. Kd1 Ba4+ 52. Ke2 Ke5 53. Bxg6
b3 54. Kf3 Bd2 55. Ra1 Bb5 56. Be4 c3 57. Bf5 c2 58. d6 Kxd6 59. Ke4 b2 0-1

[Event "Mercredi 2019.01.09 ABCD"]
[Site "Montreal CAN"]
[Date "2019.01.30"]
[Round "4"]
[White "Jean, Robert"]
[Black "Nardone, Raul"]
[Result "1/2-1/2"]
[WhiteElo "1735"]
[BlackElo "1729"]
[PlyCount "77"]
[EventDate "2019.01.09"]
[EventType "tourn"]
[EventRounds "5"]
[EventCountry "CAN"]

1. d4 f5 2. Bg5 g6 3. e3 Bg7 4. Bc4 d5 5. Bb3 Nf6 6. Nf3 Be6 7. Nbd2 O-O 8. Ne5
Nbd7 9. Ndf3 Nxe5 10. Nxe5 c5 11. c3 Ne4 12. Bf4 c4 13. Bc2 Rc8 14. h4 Bf6 15.
f3 Nd6 16. Ke2 Nf7 17. Qe1 Nxe5 18. dxe5 Bg7 19. h5 g5 20. Bxg5 Bxe5 21. f4 Bf6
22. Qg3 Kh8 23. h6 Rg8 24. Bxf6+ exf6 25. Qh3 Qd7 26. Rh2 Rg4 27. Rd1 Qf7 28.
g3 Rcg8 29. Rg1 Qd7 30. Kf2 Qb5 31. Rb1 Qc5 32. Rg2 b5 33. Bd1 R4g6 34. Bc2 Qc8
35. Rbg1 a5 36. Qh4 Qf8 37. Rh2 b4 38. Qh5 Qc8 39. Qh4 1/2-1/2

[Event "Mercredi 2019.01.09 ABCD"]
[Site "Montreal CAN"]
[Date "2019.01.30"]
[Round "4"]
[White "Pomerantz, Daniel"]
[Black "Feoktistov, Dmitri"]
[Result "1/2-1/2"]
[WhiteElo "2121"]
[BlackElo "2150"]
[PlyCount "110"]
[EventDate "2019.01.09"]
[EventType "tourn"]
[EventRounds "5"]
[EventCountry "CAN"]

1. e4 c5 2. Nf3 d6 3. d4 cxd4 4. Nxd4 Nf6 5. Nc3 a6 6. Bg5 Nbd7 7. f4 Qc7 8.
Qf3 b5 9. O-O-O Bb7 10. Bd3 g6 11. Rhe1 Bg7 12. Nd5 Nxd5 13. exd5 O-O 14. Nc6
Bxc6 15. dxc6 Nf6 16. f5 Rac8 17. Kb1 Rfe8 18. fxg6 hxg6 19. Bxf6 Bxf6 20. Be4
Kg7 21. g3 Rh8 22. h4 Rh5 23. Qa3 Qb6 24. Bf3 Re5 25. Rxe5 Bxe5 26. h5 Qf2 27.
hxg6 fxg6 28. Bd5 Rh8 29. c7 Qc5 30. Qd3 Qxc7 31. Rf1 Bf6 32. g4 g5 33. Qf5 Qc8
34. Be6 Qc5 35. Qxc5 dxc5 36. a3 Rd8 37. Bf5 c4 38. Ka2 a5 39. Rh1 Rd6 40. Rh7+
Kg8 41. Rh6 b4 42. a4 Rb6 43. b3 cxb3+ 44. Kxb3 Rc6 45. Rh3 e6 46. Be4 Rc5 47.
Rf3 Kg7 48. Rd3 Be5 49. Rf3 Bf4 50. c3 bxc3 51. Rxc3 Rxc3+ 52. Kxc3 Kf6 53. Kd3
Ke5 54. Bc6 Bg3 55. Ke3 Bf4+ 1/2-1/2

[Event "Mercredi 2019.01.09 ABCD"]
[Site "Montreal CAN"]
[Date "2019.01.18"]
[Round "4"]
[White "Zheng, Richard"]
[Black "Tremblay, Alain"]
[Result "1/2-1/2"]
[WhiteElo "2073"]
[BlackElo "2057"]
[PlyCount "40"]
[EventDate "2019.01.09"]
[EventType "tourn"]
[EventRounds "5"]
[EventCountry "CAN"]

1. d4 Nf6 2. c4 e6 3. Nc3 d5 4. cxd5 exd5 5. Bg5 Be7 6. Qc2 c6 7. e3 Nbd7 8.
Bd3 Nh5 9. Bxe7 Qxe7 10. Nge2 g6 11. Ng3 Ng7 12. O-O-O Nb6 13. Rhe1 O-O 14. Kb1
Be6 15. f4 f5 16. Nf1 Ne8 17. Nd2 Nd6 18. Nf3 Ne4 19. Ne5 Rac8 20. Nxe4 dxe4
1/2-1/2

[Event "Mercredi 2019.01.09 ABCD"]
[Site "Montreal CAN"]
[Date "2019.02.06"]
[Round "5"]
[White "Beaulieu, Eric"]
[Black "Zheng, Richard"]
[Result "0-1"]
[WhiteElo "2224"]
[BlackElo "2073"]
[PlyCount "74"]
[EventDate "2019.01.09"]
[EventType "tourn"]
[EventRounds "5"]
[EventCountry "CAN"]

1. c4 Nf6 2. g3 c6 3. Bg2 d5 4. Nf3 e6 5. O-O Bd6 6. d4 Nbd7 7. Nbd2 O-O 8. Qc2
Re8 9. e4 dxe4 10. Ng5 Be7 11. Rd1 b6 12. Ndxe4 Bb7 13. Bf4 h6 14. Nxf6+ Nxf6
15. Nf3 Qc8 16. Ne5 c5 17. Qe2 Bxg2 18. Kxg2 Qb7+ 19. Qf3 Qxf3+ 20. Kxf3 Rac8
21. b3 Red8 22. dxc5 Bxc5 23. Rxd8+ Rxd8 24. Nc6 Rd7 25. b4 Be7 26. b5 Bc5 27.
Ke2 Ne4 28. f3 Nc3+ 29. Kf1 f6 30. Kg2 e5 31. Bc1 Rd1 32. Nxa7 Ne2 33. a4 Rxc1
34. Ra2 Nc3 35. Rd2 Rd1 36. Rxd1 Nxd1 37. Nc6 Ne3+ 0-1

[Event "Mercredi 2019.01.09 ABCD"]
[Site "Montreal CAN"]
[Date "2019.02.06"]
[Round "5"]
[White "Feoktistov, Dmitri"]
[Black "Have, Didier"]
[Result "0-1"]
[WhiteElo "2150"]
[BlackElo "2100"]
[PlyCount "74"]
[EventDate "2019.01.09"]
[EventType "tourn"]
[EventRounds "5"]
[EventCountry "CAN"]

1. d4 d6 2. e4 Nf6 3. Nc3 Nbd7 4. f4 e5 5. Nf3 exd4 6. Nxd4 g6 7. Be2 Bg7 8.
O-O O-O 9. Bf3 Re8 10. Re1 Nb6 11. a4 Bg4 12. a5 Nbd7 13. a6 bxa6 14. Nc6 Bxf3
15. Qxf3 Qc8 16. Be3 Nb6 17. Bd4 Nfd7 18. Bxg7 Kxg7 19. Qf2 Qb7 20. Na5 Qc8 21.
Qd4+ f6 22. Ne2 Nc5 23. Ng3 Qg4 24. f5 g5 25. Ra3 Ncd7 26. h3 Qh4 27. Nc6 Ne5
28. Qc3 Nxc6 29. Qxc6 Re7 30. c4 Rae8 31. b4 Nd7 32. Qxc7 Ne5 33. Qxd6 Rd7 34.
Qc5 g4 35. hxg4 Nxg4 36. Rf3 Rxe4 37. Rfe3 Rxe3 0-1